Loading...
Propogation studies in phyllanthus emblica linn.
| Main Author: | |
|---|---|
| Format: | Report |
| Language: | Undetermined |
| Published: |
1991
|
| LEADER | 00502nam a2200181Ia 4500 | ||
|---|---|---|---|
| 008 | 141004s9999 xx 000 0 und d | ||
| 040 | |c a | ||
| 041 | |a English | ||
| 082 | |a PR | ||
| 082 | |b MAR | ||
| 100 | |a KJ Martin Lowel | ||
| 245 | |a Propogation studies in phyllanthus emblica linn. | ||
| 245 | |c KJ Martin Lowel | ||
| 260 | |c 1991 | ||
| 300 | |b 30 cm | ||
| 942 | |c PR | ||
| 999 | |c 175658 |d 175658 | ||
| 952 | |0 0 |1 0 |4 0 |6 PR_MAR |7 0 |9 180631 |a KAUCOF |b KAUCOF |o PR MAR |p KAU_COF-PR-17 |r 2014-10-04 |w 2014-10-04 |y PR | ||